Metáforas sobre la crisis del COVID-19 en el lenguaje económico

Kognitívna lingvistika ukázala, že metafora je základným nástrojom na štruktúrovanie myslenia a prenos vedomostí, pretože umožňuje vyjadriť niečo neznáme v termínoch niečoho známeho. Metafora je prítomná v jazyku každodenného života, ale aj hrá veľmi dôležitú úlohu v oblasti špeciálnych jazykov. Pr...

Description complète

Enregistré dans:
Détails bibliographiques
Auteur principal: Pavliková, Želmíra, 1979-
Format: Chapitre de livre
Langue:espagnol
Sujets:
Tags: Ajouter un tag
Pas de tags, Soyez le premier à ajouter un tag!

MARC

LEADER 00000naa$a2200000$$$4500
001 0283907
005 20240502074411.6
041 0 |a spa 
044 |a SK 
245 1 0 |a Metáforas sobre la crisis del COVID-19 en el lenguaje económico  |c Želmíra Pavliková 
520 |a Kognitívna lingvistika ukázala, že metafora je základným nástrojom na štruktúrovanie myslenia a prenos vedomostí, pretože umožňuje vyjadriť niečo neznáme v termínoch niečoho známeho. Metafora je prítomná v jazyku každodenného života, ale aj hrá veľmi dôležitú úlohu v oblasti špeciálnych jazykov. Práca analyzuje metaforu súvisiacu s krízou COVID-19 v ekonomickom jazyku a jej použitie zaradením do sémantických kategórií. 
610 2 0 |a jazyky cudzie 
610 2 0 |a španielčina 
610 2 0 |a pandémia 
610 2 0 |a jazyk odborný 
610 2 0 |a médiá 
100 1 |a Pavliková, Želmíra, 1979-